Lexikon der slowakischen Geschichte

Podrobná bibliografia
Hlavný autor: Bartl, Július, 1937-2022 (Autor)
Ďalší autori: Pallay, Eduard (Prekladateľ), Kurdelová, Ute (Prekladateľ)
Médium: Kniha
Jazyk:nemčina
Fyzický popis:388 strán genealogické tabuľky 24 cm
Vydavateľské údaje: Bratislava Slovenské pedagogické nakladateľstvo 2002
ISBN:8008020350
Vydanie:1. deutsche Auflage
Predmet:

MARC

LEADER 00000cam a2200000 a 4500
001 vtls001456449
003 SK-MaSNL
005 20260301163206.0
008 240226s2002 xo j grdn 001 0 ger
015 |a SNBA2004/02-00678 
020 |a 8008020350 
035 |a SNK000411756 
035 |a urn:nbn:sk:snk-am3j18i 
035 |a FF8973D9-F325-4ACF-9EB5-4325F91C98D5 
035 |a urn:nbn:sk:snk-am00gl12 
040 |a SNK  |b slo  |c SNK  |e AACR2 
041 0 |a ger 
043 |a e-xo--- 
044 |a xo  |c SK 
072 7 |a 94(437.6)  |x Dejiny Slovenska  |2 konspekt 
080 |a 94(437.6)(031)=112.2  |2 1997 
080 |a 94(437.6)  |2 2011 
080 |a (038)  |2 2011 
100 1 |a Bartl, Július,  |d 1937-2022  |4 aut  |9 102759 
240 1 0 |a Lexikón slovenských dejín  |l Nemecky 
245 1 0 |a Lexikon der slowakischen Geschichte  |c Július Bartl ... [et al.] ; Übersetzung: Eduard Pallay, Ute Kurdelová 
250 |a 1. deutsche Auflage 
260 |a Bratislava  |b Slovenské pedagogické nakladateľstvo  |c 2002 
300 |a 388 strán  |b genealogické tabuľky  |c 24 cm 
500 |a Rozložená titulná strana 
504 |a Bibliografia na strane 385-388 ; menný register ; zoznam skratiek 
651 7 |a Slovensko  |x dejiny  |2 SNKPHgeo  |9 13278 
655 7 |a slovníky  |2 SNKPH  |9 70413 
700 1 |a Pallay, Eduard  |4 trl  |9 40252 
700 1 |a Kurdelová, Ute  |4 trl  |9 8827 
919 |a 80-08-02035-0 
958 |a NB 
958 |a OP 
958 |a NS 
958 |a OND 
968 |a Dt  |b SLO 
999 |c 816049  |d 817979 
952 |t P60, <03>, [BOOK], {603}  |a SNK  |b SNK  |y PREZ  |7 0  |p 17A0389577  |o snkSC 112185  |i snkKSP 8269/2003  |0 0  |1 0  |4 0  |d 2003-07-10  |f 1  |l 0  |r 2025-10-02 00:00:00  |w 2026-02-24 
952 |t P60, <04>, [BOOK], {604}  |a SNK  |b SNK  |y VYP  |7 0  |p 17A0389578  |o snkSC 112185 D1  |i snkKSP 8270/2003  |0 0  |1 0  |4 0  |d 2003-07-10  |l 0  |r 2005-01-02 00:00:00  |w 2026-02-24